| 000 | 00785nab a2200241 u 4500 | ||
|---|---|---|---|
| 001 | 16644 | ||
| 003 | HDC | ||
| 007 | cr bn ---aaaaa | ||
| 008 | 210221c20120613xx dr|noo 0 a eng d | ||
| 040 | _aHDC | ||
| 245 | 0 | _aUK: Islamic scholars reject machine slaughter | |
| 260 |
_a[No place] : _b[publisher not identified], _c2012 |
||
| 336 |
_atext _2rdacontent |
||
| 337 |
_acomputer _2rdamedia |
||
| 338 |
_aonline resource _2rdacarrier |
||
| 650 |
_amachine slaughter _916369 |
||
| 650 |
_ameat and poultry _916099 |
||
| 710 | _aHalal Focus | ||
| 856 | _zRequest full-text at [email protected] | ||
| 942 | _2lcc | ||
| 942 | _cNEWS | ||
| 942 | _kNWSO 005731 | ||
| 999 |
_c13960 _d13960 |
||